| 000 | 00754cam a2200217 4500 | ||
|---|---|---|---|
| 001 | WB3603-08 | ||
| 008 | 000000n2000 000 0 eng u | ||
| 035 | _a(Sirsi) u103481 | ||
| 245 | _aExpensive office rents | ||
| 260 | _c2000 | ||
| 490 |
_aIndependent _v10 January 2000, 15(1) |
||
| 520 | _aA new report by DTZ Debenham Thorpe shows that UK office rents are amongst the highest in the World. The West End of London is second only to Tokyo, with average rents of £72 per square foot a year. Table. | ||
| 590 | _aWB | ||
| 650 | _aOFFICE RENTS | ||
| 650 | _aOFFICE SPACE | ||
| 650 | _aOCCUPANCY COSTS | ||
| 650 | _aWEST END OF LONDON | ||
| 650 | _aLONDON | ||
| 690 | _aPROPERTY-COMMERCIAL PROPERTY-COMMERCIAL PROPERTY MARKET | ||
| 942 | _n0 | ||
| 999 |
_c62174 _d62174 |
||